Nr. 1 Hits in den USA 2006 - Statistiken

Allgemein
  • Dieses Quiz wurde 35 mal gespielt
  • Das Durchschnittsergebnis liegt bei 9 aus 19
Antwortstatistiken
Wochen auf Platz 1 Lied Interpret % Korrekt
2 Wochen Hips Don’t Lie Shakira feat. Wyclef Jean
97%
7 Wochen SexyBack Justin Timberlake
88%
3 Wochen My Love Justin Timberlake feat. T.I.
88%
6 Wochen Promiscuous Nelly Furtado feat. Timbaland
75%
10 Wochen Irreplaceable Beyoncé
69%
5 Wochen Check on It Beyoncé feat. Slim Thug
69%
3 Wochen SOS (Rescue Me) Rihanna
69%
1 Woche You’re Beautiful James Blunt
66%
2 Wochen Grillz Nelly feat. Paul Wall,Ali & Gipp
66%
2 Wochen So Sick Ne-Yo
47%
1 Woche Temperature Sean Paul
47%
3 Wochen London Bridge Fergie
44%
2 Wochen Ridin Chamillionaire feat.Krayzie Bone
28%
5 Wochen Bad Day Daniel Powter
28%
2 Wochen I Wanna Love You Akon feat. Snoop Dogg
19%
2 Wochen Don’t Forget About Us Mariah Carey
13%
1 Woche Laffy Taffy D4L
9%
2 Wochen Money Maker Ludacris feat. Pharrell
6%
1 Woche Do I Make You Proud Taylor Hicks
3%
Keine übereinstimmenden Quizze gefunden
Verteilung der Resultate
Anzahl Personen mit jedem Resultat
Perzentil nach korrekt beantworteten Fragen
Ihre Resultats-Entwicklung
Sie haben dieses Quiz noch nicht gespielt